000
00269nam a2200097Ia 4500
005
20250424112919.0
008
250424s9999 xx 000 0 und d
300
_a
58 p. :ill. ; 25 cm.
650
_a
Research--Methodology--Periodicals. Research--Methodology.
942
_c
SR
999
_c
37842
_d
37842